বাংলার মুসলিম সমাজে আধুনিক শিক্ষার অগ্রগতি (Record no. 38147)
[ view plain ]
| 000 -LEADER | |
|---|---|
| fixed length control field | 01078nam a2200241 a 4500 |
| 001 - CONTROL NUMBER | |
| control field | 38147 |
| 003 - CONTROL NUMBER IDENTIFIER | |
| rucl marc code | BD-RjUL |
| 005 - DATE AND TIME OF LATEST TRANSACTION | |
| control field | 20211209052733.0 |
| 008 - FIXED-LENGTH DATA ELEMENTS--GENERAL INFORMATION | |
| fixed length control field | 150916s2007 bg ||||| b||| 001 0 ben d |
| 020 ## - INTERNATIONAL STANDARD BOOK NUMBER | |
| International Standard Book Number | 9840745735 |
| 035 ## - SYSTEM CONTROL NUMBER | |
| System control number | (BD-RjUL)38252 |
| 040 ## - CATALOGING SOURCE | |
| Original cataloging agency | BD-RjUL |
| Language of cataloging | eng |
| Transcribing agency | BD-RjUL |
| Modifying agency | BD-RjUL |
| 041 ## - LANGUAGE CODE | |
| Language code of text/sound track or separate title | ben |
| 082 ## - DEWEY DECIMAL CLASSIFICATION NUMBER | |
| Classification number | 370.88297 |
| Author mark and year | ALB 2007 |
| 100 ## - MAIN ENTRY--PERSONAL NAME | |
| Personal name | আল-মাসুম, মো: আব্দুল্লাহ |
| 9 (RLIN) | 118046 |
| 245 ## - TITLE STATEMENT | |
| Title | বাংলার মুসলিম সমাজে আধুনিক শিক্ষার অগ্রগতি |
| Remainder of title | (১৮৮৫-১৯২১) |
| Statement of responsibility, etc. | মো: আব্দুল্লাহ আল-মাসুম |
| 260 ## - PUBLICATION, DISTRIBUTION, ETC. (IMPRINT) | |
| Place of publication, distribution, etc. | ঢাকা : |
| Name of publisher, distributor, etc. | বাংলা একাডেমী, |
| Date of publication, distribution, etc. | ২০০৭ |
| 300 ## - PHYSICAL DESCRIPTION | |
| Pagination | ১৪, ২৩৬ পৃ. : |
| Illustrations | চিত্র ; |
| Size | ২১ সেমি. |
| 504 ## - BIBLIOGRAPHY, ETC. NOTE | |
| Bibliography, etc | গ্রন্থপঞ্জী ও নির্ঘন্ট সংযুক্ত । |
| 650 ## - SUBJECT ADDED ENTRY--TOPICAL TERM | |
| Topical term or geographic name as entry element | শিক্ষা |
| 9 (RLIN) | 118047 |
| Form subdivision | মুসলিম সমাজ |
| Topical term or geographic name as entry element | education |
| 9 (RLIN) | 118048 |
| General subdivision | Islamic society |
| 942 ## - ADDED ENTRY ELEMENTS (KOHA) | |
| Source of classification or shelving scheme | Dewey Decimal Classification |
| Koha item type | Books |
| Lost status | Source of classification or shelving scheme | Damaged status | Not for loan | Permanent Location | Current Location | Shelving location | Date acquired | Source of acquisition | Cost, normal purchase price | Total Checkouts | Total Renewals | Full call number | Date last seen | Date checked out | Copy number | Koha item type | Collection code |
|---|---|---|---|---|---|---|---|---|---|---|---|---|---|---|---|---|---|
| Dewey Decimal Classification | Central Library, University of Rajshahi | Central Library, University of Rajshahi | 02/02/2012 | বাংলা একাডেমী, ঢাকা | 110.00 | 1 | 1 | B 370.88297 ALB 2007 | 30/01/2016 | 16/09/2015 | C-2 | Books | |||||
| Dewey Decimal Classification | Central Library, University of Rajshahi | Central Library, University of Rajshahi | 02/02/2012 | Bangla Academi , Dhaka | 110.00 | B 370.88297 ALB 2007 | 06/08/2016 | C-3 | Books | Non-fiction | |||||||
| Dewey Decimal Classification | Central Library, University of Rajshahi | Central Library, University of Rajshahi | 02/02/2012 | Bangla Academi , Dhaka | 110.00 | B 370.88297 ALB 2007 | 06/08/2016 | C-4 | Books | Non-fiction |